<?xml version="1.0" encoding="UTF-8"?>
<record
    xmlns:xsi="http://www.w3.org/2001/XMLSchema-instance"
    xsi:schemaLocation="http://www.loc.gov/MARC21/slim http://www.loc.gov/standards/marcxml/schema/MARC21slim.xsd"
    xmlns="http://www.loc.gov/MARC21/slim">

  <leader>01463nam a2200289 a 4500</leader>
  <controlfield tag="001">74217</controlfield>
  <controlfield tag="003">BD-RjUL</controlfield>
  <controlfield tag="005">20211209082520.0</controlfield>
  <controlfield tag="008">180404s2017    bg ||||| |||| 00| 0 ben d</controlfield>
  <datafield tag="020" ind1=" " ind2=" ">
    <subfield code="a">9789849240211</subfield>
    <subfield code="c">: Tk. 450.00</subfield>
  </datafield>
  <datafield tag="035" ind1=" " ind2=" ">
    <subfield code="a">(BD-RjUL)74435</subfield>
  </datafield>
  <datafield tag="040" ind1=" " ind2=" ">
    <subfield code="a">BD-RjUL</subfield>
    <subfield code="b">ben</subfield>
    <subfield code="c">BD-RjUL</subfield>
    <subfield code="d">BD-RjUL</subfield>
  </datafield>
  <datafield tag="041" ind1=" " ind2=" ">
    <subfield code="a">ben</subfield>
  </datafield>
  <datafield tag="082" ind1=" " ind2=" ">
    <subfield code="a">954.9204</subfield>
    <subfield code="b">KHO 2017</subfield>
    <subfield code="2">23</subfield>
  </datafield>
  <datafield tag="100" ind1="1" ind2=" ">
    <subfield code="a">&#x996;&#x9BE;&#x9A8;, &#x986;&#x9A4;&#x9BE;&#x989;&#x9B0; &#x9B0;&#x9B9;&#x9AE;&#x9BE;&#x9A8;</subfield>
    <subfield code="9">119519</subfield>
  </datafield>
  <datafield tag="245" ind1="1" ind2=" ">
    <subfield code="a">&#x993;&#x99C;&#x9BE;&#x9B0;&#x9A4;&#x9BF;&#x9B0; &#x9A6;&#x9C1;&#x987; &#x9AC;&#x99B;&#x9B0; :</subfield>
    <subfield code="b">&#x9AE;&#x9C1;&#x996;&#x9CD;&#x9AF;&#x9AE;&#x9A8;&#x9CD;&#x9A4;&#x9CD;&#x9B0;&#x9BF;&#x9A4;&#x9CD;&#x9AC;&#x9C7;&#x9B0; &#x9A6;&#x9BF;&#x9A8;&#x997;&#x9C1;&#x9B2;&#x9BF; &#x9E7;&#x9EF;&#x9EB;&#x9EC;-&#x9EB;&#x9EE; /</subfield>
    <subfield code="c">&#x986;&#x9A4;&#x9BE;&#x989;&#x9B0; &#x9B0;&#x9B9;&#x9AE;&#x9BE;&#x9A8; &#x996;&#x9BE;&#x9A8;</subfield>
  </datafield>
  <datafield tag="250" ind1=" " ind2=" ">
    <subfield code="a">&#x9E7;&#x9AE; &#x9AA;&#x9CD;&#x9B0;&#x9A5;&#x9AE;&#x9BE; &#x9B8;&#x982;.</subfield>
  </datafield>
  <datafield tag="260" ind1=" " ind2=" ">
    <subfield code="a">&#x9A2;&#x9BE;&#x995;&#x9BE; :</subfield>
    <subfield code="b">&#x9AA;&#x9CD;&#x9B0;&#x9A5;&#x9AE;&#x9BE; &#x9AA;&#x9CD;&#x9B0;&#x995;&#x9BE;&#x9B6;&#x9A8;,</subfield>
    <subfield code="c">&#x9E8;&#x9E6;&#x9E7;&#x9ED;</subfield>
  </datafield>
  <datafield tag="300" ind1=" " ind2=" ">
    <subfield code="a">&#x9E8;&#x9EB;&#x9EA; &#x9AA;&#x9C3;. ;</subfield>
    <subfield code="c">&#x9E8;&#x9E8; &#x9B8;&#x9C7;&#x9AE;&#x9BF;.</subfield>
  </datafield>
  <datafield tag="490" ind1=" " ind2=" ">
    <subfield code="a">&#x9B8;&#x9AE;&#x9BE;&#x99C;-&#x987;&#x9A4;&#x9BF;&#x9B9;&#x9BE;&#x9B8; &#x997;&#x9CD;&#x9B0;&#x9A8;&#x9CD;&#x9A5;&#x9AE;&#x9BE;&#x9B2;&#x9BE; :</subfield>
    <subfield code="v">&#x9E7;</subfield>
  </datafield>
  <datafield tag="651" ind1=" " ind2=" ">
    <subfield code="a"> &#x9AC;&#x9BE;&#x982;&#x9B2;&#x9BE;&#x9A6;&#x9C7;&#x9B6; </subfield>
    <subfield code="x">&#x9B0;&#x9BE;&#x99C;&#x9A8;&#x9C0;&#x9A4;&#x9BF; &#x98F;&#x9AC;&#x982; &#x9B8;&#x9B0;&#x995;&#x9BE;&#x9B0;&#x964; </subfield>
    <subfield code="y">&#x9E7;&#x9EF;&#x9EB;&#x9EC;-&#x9E7;&#x9EF;&#x9EB;&#x9EE; &#x996;&#x9CD;&#x9B0;&#x9BF;&#x9B7;&#x9CD;&#x99F;&#x9BE;&#x9AC;&#x9CD;&#x9A6; </subfield>
    <subfield code="9">248627</subfield>
  </datafield>
  <datafield tag="651" ind1=" " ind2=" ">
    <subfield code="a">Bangladesh </subfield>
    <subfield code="x">Politics and government.</subfield>
    <subfield code="y">1956-1958 A. D </subfield>
    <subfield code="9">248628</subfield>
  </datafield>
  <datafield tag="651" ind1=" " ind2=" ">
    <subfield code="a">&#x9AC;&#x9BE;&#x982;&#x9B2;&#x9BE;&#x9A6;&#x9C7;&#x9B6; </subfield>
    <subfield code="x">&#x987;&#x9A4;&#x9BF;&#x9B9;&#x9BE;&#x9B8; </subfield>
    <subfield code="y">&#x9E7;&#x9EF;&#x9EB;&#x9EC;-&#x9E7;&#x9EF;&#x9EB;&#x9EE; &#x996;&#x9CD;&#x9B0;&#x9BF;&#x9B7;&#x9CD;&#x99F;&#x9BE;&#x9AC;&#x9CD;&#x9A6; </subfield>
    <subfield code="9">248629</subfield>
  </datafield>
  <datafield tag="651" ind1=" " ind2=" ">
    <subfield code="a">Bangladesh </subfield>
    <subfield code="x">History </subfield>
    <subfield code="y">1956-1958 A. D</subfield>
    <subfield code="9">248630</subfield>
  </datafield>
  <datafield tag="830" ind1=" " ind2=" ">
    <subfield code="a">&#x9B8;&#x9AE;&#x9BE;&#x99C;-&#x987;&#x9A4;&#x9BF;&#x9B9;&#x9BE;&#x9B8; &#x997;&#x9CD;&#x9B0;&#x9A8;&#x9CD;&#x9A5;&#x9AE;&#x9BE;&#x9B2;&#x9BE; :</subfield>
    <subfield code="v">&#x9E7;</subfield>
    <subfield code="9">248626</subfield>
  </datafield>
  <datafield tag="942" ind1=" " ind2=" ">
    <subfield code="2">ddc</subfield>
    <subfield code="c">BK</subfield>
  </datafield>
  <datafield tag="999" ind1=" " ind2=" ">
    <subfield code="c">74217</subfield>
    <subfield code="d">74217</subfield>
  </datafield>
  <datafield tag="952" ind1=" " ind2=" ">
    <subfield code="0">0</subfield>
    <subfield code="1">0</subfield>
    <subfield code="2">ddc</subfield>
    <subfield code="4">0</subfield>
    <subfield code="7">1</subfield>
    <subfield code="8">NFIC</subfield>
    <subfield code="a">RUCL</subfield>
    <subfield code="b">RUCL</subfield>
    <subfield code="c">Reading</subfield>
    <subfield code="d">2017-03-11</subfield>
    <subfield code="e">Biddashagor, Rajshahi</subfield>
    <subfield code="g">450.00</subfield>
    <subfield code="l">0</subfield>
    <subfield code="o">B 954.9204 KHO 2017</subfield>
    <subfield code="r">2018-04-04 00:00:00</subfield>
    <subfield code="t">C-1</subfield>
    <subfield code="w">2021-12-09</subfield>
    <subfield code="y">BK</subfield>
  </datafield>
  <datafield tag="952" ind1=" " ind2=" ">
    <subfield code="0">0</subfield>
    <subfield code="1">0</subfield>
    <subfield code="2">ddc</subfield>
    <subfield code="4">0</subfield>
    <subfield code="7">0</subfield>
    <subfield code="8">NFIC</subfield>
    <subfield code="a">RUCL</subfield>
    <subfield code="b">RUCL</subfield>
    <subfield code="c">Stack</subfield>
    <subfield code="d">2017-03-11</subfield>
    <subfield code="e">Biddashagor, Rajshahi</subfield>
    <subfield code="g">450.00</subfield>
    <subfield code="l">0</subfield>
    <subfield code="o">B 954.9204 KHO 2017</subfield>
    <subfield code="r">2018-04-04 00:00:00</subfield>
    <subfield code="t">C-2</subfield>
    <subfield code="w">2021-12-09</subfield>
    <subfield code="y">BK</subfield>
  </datafield>
  <datafield tag="952" ind1=" " ind2=" ">
    <subfield code="0">0</subfield>
    <subfield code="1">0</subfield>
    <subfield code="2">ddc</subfield>
    <subfield code="4">0</subfield>
    <subfield code="7">0</subfield>
    <subfield code="8">NFIC</subfield>
    <subfield code="a">RUCL</subfield>
    <subfield code="b">RUCL</subfield>
    <subfield code="c">Stack</subfield>
    <subfield code="d">2017-03-11</subfield>
    <subfield code="e">Biddashagor, Rajshahi</subfield>
    <subfield code="g">450.00</subfield>
    <subfield code="l">0</subfield>
    <subfield code="o">B 954.9204 KHO 2017</subfield>
    <subfield code="r">2018-04-04 00:00:00</subfield>
    <subfield code="t">C-3</subfield>
    <subfield code="w">2021-12-09</subfield>
    <subfield code="y">BK</subfield>
  </datafield>
</record>
